|
|
|
|
| LEADER |
00000nab a2200000ua 4500 |
| 001 |
vtls010828493 |
| 003 |
SK-MaSNL |
| 005 |
20260303140802.0 |
| 008 |
230222s1970 xo |||||||||||||||||eng| |
| 035 |
|
|
|a (urnnbn)urn:nbn:sk:snk:ar-a06en3
|
| 035 |
|
|
|a urn:nbn:sk:snk-ab5u2k
|
| 035 |
|
|
|a (uuid)cd72fbc8-c8a5-4868-8af7-44a1c09499f7
|
| 040 |
|
|
|a SNKBUCL
|b slo
|c SNKBUCL
|e AACR2
|
| 041 |
0 |
|
|a eng
|
| 044 |
|
|
|a xo
|c SK
|
| 100 |
1 |
|
|a Jandová, A.
|4 aut
|9 1159555
|
| 245 |
1 |
0 |
|a Comparison of Cytostatic Activities of Cytembena and Cyclophosphamide during Short-term Administration to Women with Gynaecological Carcinoma
|c A. Jandová, J. Novotná, Vl. Škoda
|
| 700 |
1 |
|
|a Novotná, J.
|4 aut
|9 566815
|
| 700 |
1 |
|
|a Vl., Škoda
|4 aut
|9 1159556
|
| 773 |
0 |
|
|t Neoplasma : journal of experimental and clinical oncology
|g Roč. 17, č. 2 (1970), s. 175-181
|
| 958 |
|
|
|a OND
|
| 958 |
|
|
|a EUIPO
|
| 958 |
|
|
|a article5
|
| 999 |
|
|
|c 1973321
|d 1975251
|